Směrnice naší obchodní politiky přednesl ... dne 19. listopadu 1923 v Praze

Saved in:
Bibliographic Details
Main Author: Schuster, Václav
Format: Book
Language:Czech
Published: Praha Česká společnost národohospod. 1923
Series:Sbírka přednášek pořádaných Českou spol. národohospod. v období 1923-24 2
Tags: Add Tag
No Tags, Be the first to tag this record!

MARC

LEADER 00000nam a2200000 4500
001 c137885
005 20230316133154.9
041 0 |a cze 
044 |a CZ 
245 1 0 |a Směrnice naší obchodní politiky  |b přednesl ... dne 19. listopadu 1923 v Praze  |c Václav Schuster 
264 1 |a Praha  |b Česká společnost národohospod.  |c 1923 
300 |a 17 s. 
490 1 |a Sbírka přednášek pořádaných Českou spol. národohospod. v období 1923-24  |v 2 
830 0 |a Sbírka přednášek pořádaných Českou spol. národohospod. v období 1923-24  |v 2 
100 1 |a Schuster, Václav